000 00560nam a22001937a 4500
003 OSt
005 20221213155331.0
008 221213s1997 mx a|||gr6||| 00| j spa d
040 _aCO-JMCR
_cCO-JMCR
041 1 _aspa
_heng
082 0 4 _aH /
_bBYRa
100 1 _aByrne, John,
_eautor
_942540
245 1 0 _aAmazon /
_cJohn Byrne, Terry Austin
260 _aMéxico :
_bGrupo Editorial VID,
_c1997
300 _a24 páginas :
_bilustraciones a color ;
_c26 cm
650 1 4 _aTiras cómicas
_95616
700 1 _aAustin, Terry,
_eautor
_942541
942 _2ddc
_cBK
999 _c29802
_d16186